Les youtubeurs français les plus connus - Statistiques

Statistiques générales
  • Ce quiz a été pris 662 fois
  • Le résultat moyen est 6 sur 10
Statistiques - réponses
Nombre d'abonnés Réponse % Correct
19,2M Squeezie
92%
10,1M Michou
88%
8,74M Inoxtag
87%
25,2M Tibo InShape
85%
14,5M Cyprien
74%
8,77M Amixem
62%
7,44M Mcfly et Carlito
48%
9,75M Lama Faché
20%
9,26M Tuvok12
1%
13,9M Adel et Sami
0%
Aucun quiz correspondant
Distribution des résultats
% des personnes avec chaque résultat
Percentile par nombre de réponses
Votre historique - résultats
Vous n’avez pas pris ce quiz